Losowe pytania z quizów o państwach - Statystyki

Ogólne statystyki
  • Ten quiz został rozwiązany 51 razy
  • Średni wynik to 3 z 5
Statystyki odpowiedzi
Pytanie Odpowiedź % Poprawnych
Jedyne państwo w Ameryce Północnej zaczynające się na "A" Antigua i Barbuda
100%
W tym państwie znajduje się Mekka Arabia Saudyjska
100%
W tym państwie znajduje się miasto Perth Australia
100%
Stolica tego państwa to Santiago Chile
100%
Specjalnym Regionem Administracyjnym tego państwa jest, np. Makau Chiny
100%
W tym państwie Nil wpływa do morza Egipt
100%
4 największe państwo w Australii i Oceani Fidżi
100%
Najszczęśliwsze państwo na świecie Finlandia
100%
Należy do niego wyspa Sokotra Jemen
100%
Państwo o najdłuższej lini brzegowej Kanada
100%
W tym państwie znajduje się Przylądek Świętego Łukasza Meksyk
100%
Jeden ze stanów tego państwa to Colima Meksyk
100%
Państwo, które uzyskało niepodległość od Republiki Południowej Afryki w 1990 roku Namibia
100%
Do tego państwa należy Niue Nowa Zelandia
100%
Państwo na "o" Oman
100%
Najdłuższa rzeka tego państwa to Oranje Republika Południowej Afryki
100%
Sąsiad Gambii Senegal
100%
Stolica tego państwa to Port-of-Spain Trynidad i Tobago
100%
Państwo z najmniejszym PKB nominalnym Tuvalu
100%
Największa wyspa na Morzu Śródziemnym należy do tego państwa Włochy
100%
Nazwa tego państwa zawiera produkt pochodzenia zwierzęcego Wybrzeże Kości Słoniowej
100%
Do tego państwa należy większośc Jeziora Titicaca Peru
83%
Stolica tego państwa to Bagdad Irak
80%
To państwo, jako jedyne w języku polskim zaczyna się na literę "v" Vanuatu
80%
Najdłuższa rzeka tego państwa to Misisipi Stany Zjednoczone
75%
Walutą tego państwa jest Forint Węgry
75%
Panśtwo, które po podziale Indii Brytyjskich oddzieliło się od Pakistanu Bangladesz
67%
Największe miasto tego państwa to Quito Ekwador
67%
Państwo, które do 2018 roku nazywało się Suazi Eswatini
67%
Państwo z Półwyspu Arabskiego nad Cieśniną Ormuz Oman
67%
Stolicą tego państwa jest Bangi Republika Środkowoafrykańska
60%
Państwo z najmniejszą gęstością zaludnienia Mongolia
57%
Na fladze tego państwa widnieje fregata Kiribati
50%
Jedna z prowincji tego państwa to Beludżystan Pakistan
50%
Stolica tego państwa to Ngerulmud Palau
40%
Stolica tego państwa to Kingstown Saint Vincent i Grenadyny
40%
W tym państwie znajduje się miasto Odense Dania
33%
Na jego teryrotorium leży Wielkie Jezioro Niewolnicze Kanada
25%
Najbardziej zbombardowane państwo Laos
25%
Największe państwo podwójnieśródlądowe Uzbekistan
20%
Państwo położone w całości ponad 1000 m.n.p.m Lesotho
14%
Państwo wydobywające najwięcej rudy żelaza Australia
0%
Najwyższą górą tego państwa jest Olimbos Cypr
0%
Najdłuższa rzeka tego państwa to Essequibo Gujana
0%
Językiem urzędowym tego państwa jest khmerski Kambodża
0%
Najwyższym szczytem tego państwa to Mogoton Nikaragua
0%
Najmniejsze państwo w Ameryce Północnej Saint Kitts i Nevis
0%
Domena internetowa tego państwa to .sr Surinam
0%
W tym państwie znajduje się Jezioro Tuz Turcja
0%
Najdłuższa rzeka tego państwa to Severn Wielka Brytania
0%
Nie znaleziono quizów pasujących do podanych kryteriów
Rozkład punktacji
Procent ludzi z każdym wynikiem
Percentyl według liczby udzielonych odpowiedzi
Twoja historia wyników
Nie rozwiązałeś tego quizu